| 000 | 00530nam a22001457a 4500 | ||
|---|---|---|---|
| 008 | 170104b xxu||||| |||| 00| 0 eng d | ||
| 050 | _aHQ766.5.A4 M726 | ||
| 100 |
_aMolnos, Angela _928197 |
||
| 245 |
_aAttitudes towards Family Planning in East Africa _ban investigation in schools around Lake Victoria and in Nairobi _cAngela Molnos |
||
| 260 |
_aGermany _bWeltforum Verlag _c1968 |
||
| 300 |
_a414p. ; _c23cm. |
||
| 440 |
_aAfrika-Studien _n26 _928198 |
||
| 650 |
_aFamily Planning _zAfrica, East _928199 |
||
| 942 |
_2lcc _cMONOGRAPH |
||
| 999 |
_c125919 _d125919 |
||